Aplicación practica de la computadora
| Format: | Section = Libro |
|---|---|
| Language: | Undetermined Spanish |
| Published: |
México
México
2005
|
| Edition: | 4a Ed. |
| Subjects: |
| LEADER | 00551nam a2200205Ia 4500 | ||
|---|---|---|---|
| 008 | 240830s9999 xx 000 0 und d | ||
| 020 | |a 970-10-5029-0 | ||
| 040 | |a B-ESTELÍ- RUACS / 005.01 C397 | ||
| 041 | |a spa | ||
| 082 | |a 005.01 C397 | ||
| 245 | 1 | 0 | |a Aplicación practica de la computadora |
| 250 | |a 4a Ed. | ||
| 260 | |a México |b México |c 2005 | ||
| 300 | |a 351 p:il | ||
| 650 | 7 | |a APLICACION PRACTICA DE LA COMPUTADORA | |
| 650 | 7 | |b CONCEPTOS BASICOS | |
| 650 | 7 | |c BREVE HISTOIA DE WINDOWS | |
| 942 | |c BK |2 ddc | ||
| 991 | |a TEXTO | ||
| 999 | |c 10547 | ||